000 00814nam a2200229 a 4500
005 20240924063926.0
008 991125s1997 mx 000 0 spa u
020 _a9701800826
035 _aUPN01000002350
049 _aF
050 4 _aLB5
_bT47 no.21a
100 1 _aLuna Elizarrarás, María Eugenia
245 1 4 _aLos alumnos como referente básico en la organización cotidiana del trabajo en el aula /
_cMaría Eugenia Luna Elizarrarás.
260 _aMéxico :
_bIPN, Centro de Investigación y de Estudios Avanzados, Departamento de Investigaciones Educativas,
_c1997.
300 _a199 p.
440 0 _aDIE ;
_v21
650 4 _aEducación
_xInvestigación
_94070
650 4 _aPrácticas de la enseñanza
_92849
650 4 _aRelación maestro-estudiante
_94168
905 _aLibro
999 _c2350
_d2350